000 00520nam a2200169 a 4500
005 20140412111304.0
008 030414s19uu xx 00 eng d
020 _a0-938256-42-4
050 _aTR(GS 510.76
_bB78 1990
100 _aBroekel, Ray
245 _aWord problems :
_bmath : grades 5-6 /
_cRay Broekel ; editor Joan Hoffman ; art and layout, Chris Cook.
260 _aGrand Haven, MI :
_bSchool Zone,
_c1990.
300 _a32 p.
440 _aAn I Know It Book
650 _aProblem solving
999 _c103585
_d103585